书目信息 |
| 题名: |
鱼羊野史:j晓松说历史上的今天
|
|
| 作者: | 高晓松 著 | |
| 分册: | 第三卷5-6月 | |
| 出版信息: | 北京 民主与建设出版社 2015.04 |
|
| 页数: | 300页 | |
| 开本: | 24cm | |
| 丛书名: | ||
| 单 册: | ||
| 中图分类: | K204.5 | |
| 科图分类: | ||
| 主题词: | ||
| 电子资源: | ||
| ISBN: | 978-7-5139-0581-7 | |
| 000 | 00479nam0 2200169 450 | |
| 001 | 2676 | |
| 005 | 20161205143326.62 | |
| 010 | @a978-7-5139-0581-7@dCNY39.80 | |
| 101 | @achi | |
| 200 | @a鱼羊野史:j晓松说历史上的今天@dTodoy in History@h第三卷5-6月@f高晓松著 | |
| 210 | @a北京@c民主与建设出版社@d2015.04 | |
| 215 | @a300页@d24cm | |
| 330 | @a中国历史·野史 | |
| 690 | @aK204.5@v4 | |
| 701 | @a高晓松@4著 | |
| 801 | 0 | @aCN@b大连网信软件有限公司图书馆·11@c20161205 |
| 905 | @aZUCC@dK204.5@e127 | |
| 鱼羊野史:j晓松说历史上的今天=Todoy in History.第三卷5-6月/高晓松著.-北京:民主与建设出版社,2015.04 |
| 300页;24cm |
| ISBN 978-7-5139-0581-7:CNY39.80 |
| 中国历史·野史 |
| ● |
| 相关链接 |
|
|
|
|
正题名:鱼羊野史:j晓松说历史上的今天
索取号:K204.5/127
 
预约/预借
| 序号 | 登录号 | 条形码 | 馆藏地/架位号 | 状态 | 备注 |
| 1 | 907262 | 209072625 | 第二样本阅览室/ [索取号:K204.5/127] | 在馆 | |
| 2 | 907263 | 209072634 | 第二借阅区/ [索取号:K204.5/127] | 在馆 | |
| 3 | 907264 | 209072643 | 第二借阅区/ [索取号:K204.5/127] | 在馆 | |
| 4 | 907265 | 209072652 | 第二借阅区/ [索取号:K204.5/127] | 在馆 | |
| 5 | 907266 | 209072661 | 第二借阅区/ [索取号:K204.5/127] | 在馆 |